000 00199 a2200109 4500
020 _a9780448465012
041 _aeng
100 _aDavid Soman
245 _aWho can play
942 _cBK
952 _71
999 _c18767
_d18767